[Event "DRUGA LIGA SRBIJE-GRUPA VOJVODINA 2016"]
[Site "Kac"]
[Date "2016.11.19"]
[Round "7.6"]
[White "Omorjan, Dejan"]
[Black "Ljubisavljevic, Zivojin Z"]
[Result "0-1"]
[WhiteElo "2235"]
[BlackElo "2125"]
[PlyCount "90"]
[EventDate "2016.11.15"]

1. d4 Nf6 2. Nf3 e6 3. c4 c5 4. d5 b5 5. dxe6 fxe6 6. cxb5 d5 7. e3 Bd6 8. Be2
O-O 9. O-O e5 10. e4 d4 11. Bc4+ Kh8 12. Ng5 Qe7 13. Qb3 h6 14. Nf7+ Kh7 15.
Nxd6 Qxd6 16. f3 Nbd7 17. a4 Nb6 18. Na3 Nxc4 19. Nxc4 Be6 20. Nxd6 Bxb3 21.
Nb7 Nd7 22. Ra3 Be6 23. Nd6 a6 24. b3 axb5 25. Nxb5 Rfc8 26. Bd2 c4 27. Nd6 c3
28. Nxc8 Rxc8 29. Bc1 Nc5 30. b4 Nb3 31. a5 d3 32. Be3 d2 33. Kf2 c2 34. Bxd2
Nxd2 35. Rc1 Nb3 36. Rg1 c1=Q 37. Rxc1 Nxc1 38. b5 Bd7 39. b6 Bb5 40. Rc3 Rxc3
41. b7 Rc2+ 42. Kg3 Ne2+ 43. Kg4 Bd7+ 44. Kh4 g5+ 45. Kh5 Nf4# 0-1

[Event "DRUGA LIGA SRBIJE-GRUPA VOJVODINA 2016"]
[Site "Kac"]
[Date "2016.11.19"]
[Round "7.6"]
[White "Radic, Slavko"]
[Black "Krejic, Igor"]
[Result "0-1"]
[WhiteElo "2057"]
[BlackElo "2235"]
[PlyCount "96"]
[EventDate "2016.11.15"]

1. c4 Nf6 2. Nf3 d6 3. g3 g6 4. Bg2 Bg7 5. O-O O-O 6. Nc3 Nbd7 7. d3 c6 8. Qc2
Re8 9. b3 e5 10. Bb2 b6 11. b4 Bb7 12. Nd2 Nf8 13. b5 Qd7 14. bxc6 Bxc6 15. e4
Rac8 16. Qd1 Qb7 17. a4 Ne6 18. Nb5 Rcd8 19. Ba3 Nc5 20. Qc2 Qd7 21. Bb2 Qb7
22. Nc3 Nfd7 23. Rfb1 a5 24. Nf1 f5 25. Ne3 fxe4 26. dxe4 Nf6 27. Ned5 Nxd5 28.
Nxd5 Bxd5 29. cxd5 Qd7 30. Bc1 Rb8 31. Be3 Rec8 32. Bf1 Bf6 33. h3 Qd8 34. Bg2
Na6 35. Qd2 Nb4 36. Rb2 Rc4 37. Rab1 Rbc8 38. Qd1 Bg5 39. f4 exf4 40. gxf4 Bf6
41. Re2 Rc3 42. Bf2 Qc7 43. e5 Bg7 44. e6 Bf6 45. Kh2 Qc4 46. Re4 Qa2 47. Re2
Rc2 48. Ra1 Bxa1 0-1

[Event "DRUGA LIGA SRBIJE-GRUPA VOJVODINA 2016"]
[Site "Kac"]
[Date "2016.11.19"]
[Round "7.6"]
[White "Cvetanovic, Damjan"]
[Black "Kovacevic, Nikola R"]
[Result "1-0"]
[WhiteElo "2050"]
[BlackElo "1698"]
[PlyCount "63"]
[EventDate "2016.11.15"]

1. d4 d5 2. c4 e6 3. Nf3 Nf6 4. g3 c6 5. Bg2 Bd6 6. O-O O-O 7. Nc3 Nbd7 8. Nd2
Re8 9. e4 dxe4 10. Ndxe4 Be7 11. Re1 e5 12. d5 cxd5 13. cxd5 Nxe4 14. Bxe4 Nf6
15. Bg2 Bc5 16. Bg5 Qb6 17. Qc2 Bd7 18. Bxf6 gxf6 19. d6 Bxd6 20. Nd5 Qd8 21.
Be4 Be6 22. Bxh7+ Kg7 23. Ne3 Rh8 24. Bf5 Qc7 25. Qe4 Rag8 26. Rac1 Qb8 27.
Red1 b6 28. Rc6 Bc5 29. Bxe6 fxe6 30. Rd7+ Kf8 31. Rxe6 Rg7 32. Rxf6+ 1-0

[Event "DRUGA LIGA SRBIJE-GRUPA VOJVODINA 2016"]
[Site "Kac"]
[Date "2016.11.19"]
[Round "7.4"]
[White "Banovic, Ivan"]
[Black "Azaric, Slavko"]
[Result "1/2-1/2"]
[WhiteElo "2208"]
[BlackElo "2283"]
[PlyCount "254"]
[EventDate "2016.11.15"]

1. d4 Nf6 2. c4 d6 3. Nf3 g6 4. Nc3 Nbd7 5. e4 e5 6. Be2 Bg7 7. d5 O-O 8. Bg5
h6 9. Bh4 a5 10. Nd2 Nc5 11. b3 Qe8 12. a3 Bd7 13. b4 axb4 14. axb4 Na4 15.
Nxa4 Bxa4 16. Qc1 Bd7 17. O-O Nh7 18. Qc3 Bf6 19. Bxf6 Nxf6 20. Rxa8 Qxa8 21.
Ra1 Qb8 22. c5 Qd8 23. Ra7 Bc8 24. cxd6 cxd6 25. Ra8 Kg7 26. h3 h5 27. Bd3 Nd7
28. Nc4 Qc7 29. Qc2 Nb8 30. Ne3 Qxc2 31. Bxc2 Na6 32. Nc4 Nxb4 33. Ba4 Na6 34.
Nb6 Nc5 35. Bb5 Bd7 36. Rxf8 Bxb5 37. Rd8 Nxe4 38. f3 Nd2 39. Rxd6 Nc4 40. Nxc4
Bxc4 41. h4 Kf8 42. Rd7 b5 43. Rb7 Kg7 44. Rb6 Bxd5 45. Rxb5 Be6 46. Rxe5 Kf6
47. Ra5 Bc4 48. Kf2 Be6 49. Ke3 Bc4 50. Kf4 Bb3 51. Ra6+ Kg7 52. Kg5 Bc4 53.
Rb6 Bf1 54. g4 hxg4 55. fxg4 Be2 56. Rb2 Bd1 57. Rd2 Bf3 58. Kf4 Bc6 59. Ke5
Bf3 60. Rd4 Bb7 61. Rf4 Bc8 62. Kd6 Be6 63. Rb4 Ba2 64. Ke7 Be6 65. Rd4 Bb3 66.
Kd6 Be6 67. Ke5 Bc8 68. Kf4 Ba6 69. Re4 Bd3 70. Re5 Kf6 71. Rg5 Kg7 72. h5 Bf1
73. hxg6 f6 74. Rc5 Kxg6 75. Rc6 Kf7 76. Rd6 Ke7 77. Rd4 Ke6 78. Re4+ Kf7 79.
Re3 Bc4 80. Rc3 Ba2 81. Rc7+ Kg6 82. Rc6 Kf7 83. Rb6 Bc4 84. Rb4 Bd3 85. Kg3
Kg6 86. Kh4 Be2 87. Rb2 Bf3 88. Rb6 Kg7 89. Ra6 Be2 90. Rd6 Kf7 91. Rd2 Bf3 92.
Rf2 Be4 93. g5 f5 94. Kg3 Kg6 95. Kf4 Kg7 96. Rb2 Bd3 97. Rb7+ Kg6 98. Rb6+ Kg7
99. Rf6 Bc2 100. Rc6 Bd3 101. Rb6 Bc2 102. Kg3 Be4 103. Rd6 Kf7 104. Kh4 Kg7
105. Rb6 Bd3 106. Rb3 Be2 107. Kg3 Bc4 108. Rc3 Bd5 109. Kh4 Kg6 110. Rd3 Be4
111. Re3 Bd5 112. Ra3 Bc4 113. Ra4 Bd5 114. Ra6+ Kg7 115. Kg3 Be4 116. Kf4 Bd3
117. Rd6 Bc2 118. Rb6 Bd3 119. Ke5 Bc2 120. Kf4 Bd3 121. g6 Kh6 122. Rd6 Be4
123. Ke5 Kg7 124. Kf4 Kh6 125. Rf6 Bd3 126. Ke5 Kg7 127. Rd6 Be4 1/2-1/2